The Status of Woman in Islam (Record no. 542208)

000 -LEADER
fixed length control field 00364nam a2200133 a 4500
082 ## - DEWEY DECIMAL CLASSIFICATION NUMBER
Classification number 297.013
Author Mark BAD
245 1# - TITLE STATEMENT
Title The Status of Woman in Islam
Statement of responsibility, etc. Badawi, Dr. Jamal A.
260 ## - PUBLICATION, DISTRIBUTION, ETC.
Place of publication, distribution, etc. Islamabad:
Name of publisher, distributor, etc. IIUI printing press,
Date of publication, distribution, etc. 1983
300 ## - PHYSICAL DESCRIPTION
Extent 91p.
526 ## - STUDY PROGRAM INFORMATION NOTE
Program name 0
Interest level 0
Reading level 0
Title point value 297_013000000000000_BAD
650 ## - SUBJECT ADDED ENTRY--TOPICAL TERM
Topical term or geographic name entry element MCE
9 (RLIN) 379
650 ## - SUBJECT ADDED ENTRY--TOPICAL TERM
Topical term or geographic name entry element Women in Islam
9 (RLIN) 6551
942 ## - ADDED ENTRY ELEMENTS (KOHA)
Source of classification or shelving scheme
Koha item type Book
Holdings
Withdrawn status Lost status Source of classification or shelving scheme Damaged status Not for loan Permanent Location Current Location Date acquired Total Checkouts Full call number Barcode Date last seen Price effective from Koha item type
          Military College of Engineering (MCE) Military College of Engineering (MCE) 09/26/2013   297.013 BAD MCE-32510 09/26/2013 09/26/2013 Book
© 2023 Central Library, National University of Sciences and Technology. All Rights Reserved.